00487 a2200181 450000100060000002000150000604000240002110000340004524000240007924500190010330000070012236200090012944000080013865000310014694200070017795201040018499900170028869505 a8532232213 cAnchieta - Itaigara aOizumi, Tânia Medrado Rotta10aSorriso alegrelpor10aSorriso alegre a390 a1997 1aFTD 4aLiteratura infanto-juvenil cBK 00104070a88.1b88.1d2023-11-21l0o028.5 ROT SORp1893/ITAr2023-11-21 20:04:05w2023-11-21yBK c69505d69505